[Event "ISL-ch"]
[Site "Mosfellsbaer"]
[Date "2024.04.24"]
[Round "8"]
[White "Stefansson, Vignir Vatnar"]
[Black "Prudnykova, Olga"]
[Result "1-0"]
[WhiteElo "2459"]
[BlackElo "2263"]
[PlyCount "57"]
[EventDate "2024.04.16"]
[EventType "tourn"]
[EventRounds "11"]
[EventCountry "ISL"]
[EventCategory "6"]
[SourceTitle "CB18_2024"]
[SourceDate "2024.05.01"]
[SourceVersion "1"]
[SourceVersionDate "2024.05.01"]
[SourceQuality "2"]

1. Nf3 Nf6 2. c4 g6 3. Nc3 d5 4. cxd5 Nxd5 5. Qb3 Nb6 6. d4 Bg7 7. e4 Bg4 8. Bb5+ c6 9. Ng5 0-0 10. Be2 Bxe2 11. Nxe2 h6 12. Nf3 N8d7 13. a4 a5 14. Be3 Nf6 15. Qc2 Ng4 16. Bf4 e5 17. Nxe5 Nxe5 18. Bxe5 Bxe5 19. dxe5 Qg5 20. e6 Qxg2 21. Rg1 Qxh2 22. Qb3 Qc7 23. 0-0-0 Rad8 24. Rxd8 Qxd8 25. exf7+ Rxf7 26. Rxg6+ Kf8 27. Qg3 Qc7 28. Rg8+ Ke7 29. Qxc7+ 1-0

[Event "ISL-ch"]
[Site "Mosfellsbaer"]
[Date "2024.04.17"]
[Round "2"]
[White "Steingrimsson, Hedinn"]
[Black "Prudnykova, Olga"]
[Result "1-0"]
[WhiteElo "2502"]
[BlackElo "2263"]
[PlyCount "47"]
[EventDate "2024.04.16"]
[EventType "tourn"]
[EventRounds "11"]
[EventCountry "ISL"]
[EventCategory "6"]
[SourceTitle "CB18_2024"]
[SourceDate "2024.05.01"]
[SourceVersion "1"]
[SourceVersionDate "2024.05.01"]
[SourceQuality "2"]

1. Nf3 Nf6 2. c4 c5 3. Nc3 d5 4. cxd5 Nxd5 5. g3 Nc6 6. Bg2 Nc7 7. a3 e5 8. b4 cxb4 9. axb4 Bxb4 10. Nxe5 0-0 11. Nxc6 bxc6 12. Bxc6 Bh3 13. Bxa8 Qxa8 14. f3 Re8 15. Kf2 Qc6 16. Qa4 Qb6+ 17. e3 Bxc3 18. dxc3 Rxe3 19. Bxe3 Qb2+ 20. Ke1 Qxc3+ 21. Ke2 Qb2+ 22. Bd2 Nb5 23. Qb4 Nd4+ 24. Kf2 1-0

[Event "Titled Tuesday intern op 09th Jan Early"]
[Site "Chess.com INT"]
[Date "2024.01.09"]
[Round "7"]
[White "Gavrilov, Maxim"]
[Black "Prudnykova, Olga"]
[Result "1-0"]
[WhiteElo "2186"]
[BlackElo "2241"]
[PlyCount "81"]
[EventDate "2024.01.09"]
[EventType "swiss (blitz)"]
[EventRounds "11"]
[EventCountry "USA"]
[SourceTitle "CB03_2024"]
[SourceDate "2024.01.17"]
[SourceVersion "1"]
[SourceVersionDate "2024.01.17"]
[SourceQuality "1"]

1. d4 Nf6 2. c4 g6 3. Nf3 Bg7 4. g3 d5 5. cxd5 Nxd5 6. Bg2 Nb6 7. Nc3 Nc6 8. e3 0-0 9. 0-0 a5 10. Qe2 Be6 11. Rd1 Bc4 12. Qe1 Nb4 13. Rd2 Ba6 14. b3 Nd3 15. Qd1 Nxc1 16. Rxc1 c6 17. Ne4 Nd7 18. a4 Qb6 19. Nc5 Nxc5 20. Rxc5 Rfd8 21. Ne5 Qb4 22. h4 h5 23. Qc2 e6 24. Rd1 Bf8 25. Rc3 Kg7 26. Nc4 Rac8 27. Bh3 b5 28. Ne5 c5 29. Bxe6 f5 30. Bxc8 Rxc8 31. Nd3 Qa3 32. Nxc5 b4 33. Ne6+ Kf7 34. Rxc8 Bxc8 35. Qxc8 Be7 36. Ng5+ Bxg5 37. Qc4+ Kf6 38. hxg5+ Kxg5 39. Kg2 Qb2 40. d5 Kh6 41. d6 1-0

[Event "Titled Tuesday intern op 09th Jan Early"]
[Site "Chess.com INT"]
[Date "2024.01.09"]
[Round "2"]
[White "Prudnykova, Olga"]
[Black "Nouali, Mohamed"]
[Result "0-1"]
[WhiteElo "2241"]
[BlackElo "2137"]
[PlyCount "74"]
[EventDate "2024.01.09"]
[EventType "swiss (blitz)"]
[EventRounds "11"]
[EventCountry "USA"]
[SourceTitle "CB03_2024"]
[SourceDate "2024.01.17"]
[SourceVersion "1"]
[SourceVersionDate "2024.01.17"]
[SourceQuality "1"]

1. e4 c5 2. Nf3 Nc6 3. Nc3 g6 4. d4 cxd4 5. Nxd4 Bg7 6. Nb3 a5 7. a4 Nf6 8. Bg5 0-0 9. Qd2 Re8 10. 0-0-0 d6 11. f3 Be6 12. Kb1 Rc8 13. Bb5 Nd7 14. Nd5 Nb6 15. Be3 Bxd5 16. exd5 Nb4 17. Bxb6 Qxb6 18. c3 Na6 19. Rhe1 Bf6 20. g4 g5 21. h4 h6 22. hxg5 hxg5 23. Rh1 Kg7 24. Bxe8 Qxb3 25. Bb5 Rxc3 26. Qh2 Kf8 27. Rc1 Nb4 28. Rxc3 Qa2+ 29. Kc1 Qa1+ 30. Kd2 Qxb2+ 31. Ke1 Bxc3+ 32. Kf1 Qc1+ 33. Kg2 Qd2+ 34. Kh3 Qe3 35. Qg3 Be5 36. Qg2 Nxd5 37. Rd1 Nf4+ 0-1

[Event "ISL-chT Kvika 2324"]
[Site "Reykjavik"]
[Date "2023.10.15"]
[Round "5.2"]
[White "Prudnykova, Olga"]
[Black "Gunnarsson, Jon Viktor"]
[Result "1/2-1/2"]
[WhiteElo "2268"]
[BlackElo "2439"]
[PlyCount "24"]
[EventDate "2023.10.12"]
[EventType "team-tourn"]
[EventRounds "10"]
[EventCountry "ISL"]
[SourceTitle "Mega2024 Update 01"]
[Source "Chessbase"]
[SourceDate "2023.11.12"]
[SourceVersion "1"]
[SourceVersionDate "2023.11.12"]
[SourceQuality "1"]
[WhiteTeam "Taflfelag Reykjavikur"]
[BlackTeam "Vikingaklubburinn"]
[WhiteTeamCountry "ISL"]
[BlackTeamCountry "ISL"]

1. e4 c5 2. Nc3 d6 3. Nf3 Nf6 4. e5 dxe5 5. Nxe5 e6 6. Bb5+ Nbd7 7. d4 cxd4 8. Qxd4 a6 9. Bxd7+ Nxd7 10. Bf4 Qb6 11. Qxb6 Nxb6 12. 0-0-0 f6 1/2-1/2

[Event "Titled Tuesday intern op 22nd Aug Early"]
[Site "Chess.com INT"]
[Date "2023.08.22"]
[Round "4"]
[White "Morris Suzuki, Alan H"]
[Black "Prudnykova, Olga"]
[Result "0-1"]
[WhiteElo "1652"]
[BlackElo "2268"]
[PlyCount "77"]
[EventDate "2023.08.22"]
[EventType "swiss (blitz)"]
[EventRounds "11"]
[EventCountry "USA"]
[SourceTitle "EXT 2024"]
[Source "ChessBase"]
[SourceDate "2023.10.10"]
[SourceVersion "1"]
[SourceVersionDate "2023.10.10"]
[SourceQuality "1"]

1. Nf3 Nf6 2. c4 g6 3. Nc3 d5 4. cxd5 Nxd5 5. Qb3 Nb6 6. d4 Bg7 7. Bg5 0-0 8. h4 Nc6 9. h5 Nxd4 10. Nxd4 Qxd4 11. hxg6 hxg6 12. Bxe7 Re8 13. Bg5 Qc4 14. Nb5 Re5 15. Qxc4 Nxc4 16. Nxc7 Rxg5 17. Nxa8 Bxb2 18. Rb1 Bf5 19. e4 Bxe4 20. Rd1 Bc3+ 21. Ke2 Ba5 22. Rd4 Re5 23. Kd1 b5 24. Bxc4 bxc4 25. f4 Re8 26. Rxc4 Bxa8 27. Kc2 Bxg2 28. Rg1 Be4+ 29. Kb3 Bd5 30. f5 Bxc4+ 31. Kxc4 Kg7 32. fxg6 fxg6 33. Kb5 Bb6 34. a4 Bxg1 35. a5 Re5+ 36. Kc6 Rxa5 37. Kd7 Bb6 38. Kc8 Rf5 39. Kd7 0-1

[Event "Titled Tuesday intern op 22nd Aug Early"]
[Site "Chess.com INT"]
[Date "2023.08.22"]
[Round "11"]
[White "Prudnykova, Olga"]
[Black "Johnson, Ben"]
[Result "1-0"]
[WhiteElo "2268"]
[BlackElo "1961"]
[PlyCount "89"]
[EventDate "2023.08.22"]
[EventType "swiss (blitz)"]
[EventRounds "11"]
[EventCountry "USA"]
[SourceTitle "EXT 2024"]
[Source "ChessBase"]
[SourceDate "2023.10.10"]
[SourceVersion "1"]
[SourceVersionDate "2023.10.10"]
[SourceQuality "1"]

1. e4 c5 2. Nf3 g6 3. Nc3 Bg7 4. d4 cxd4 5. Nxd4 Nc6 6. Nb3 Nf6 7. Be2 0-0 8. 0-0 a5 9. a4 d6 10. Re1 Bd7 11. Bf1 Rc8 12. h3 Ne5 13. Nd5 Nxd5 14. exd5 Re8 15. c3 Nc4 16. Ra2 Qb6 17. Bg5 Be5 18. Qc2 Bf5 19. Qd1 Kg7 20. Bxc4 Rxc4 21. Be3 Qa6 22. Nd2 Rc7 23. Nf3 Bf6 24. Bd4 Qc4 25. Ra1 Rec8 26. Bb6 Be4 27. Nd2 Qxd5 28. Nxe4 Qxd1 29. Raxd1 Rc6 30. Bxa5 Ra8 31. Bb4 Rxa4 32. Nxf6 Kxf6 33. Ra1 Rxa1 34. Rxa1 Rc4 35. Kf1 d5 36. Ra5 e6 37. Rc5 Re4 38. Rb5 d4 39. cxd4 Rxd4 40. Bc3 e5 41. Bxd4 exd4 42. Rd5 b5 43. Rxd4 Ke5 44. Rb4 Kd5 45. Rxb5+ 1-0

[Event "Titled Tuesday intern op 22nd Aug Early"]
[Site "Chess.com INT"]
[Date "2023.08.22"]
[Round "6"]
[White "Prudnykova, Olga"]
[Black "Mizzi, Jack"]
[Result "0-1"]
[WhiteElo "2268"]
[BlackElo "2007"]
[PlyCount "102"]
[EventDate "2023.08.22"]
[EventType "swiss (blitz)"]
[EventRounds "11"]
[EventCountry "USA"]
[SourceTitle "EXT 2024"]
[Source "ChessBase"]
[SourceDate "2023.10.10"]
[SourceVersion "1"]
[SourceVersionDate "2023.10.10"]
[SourceQuality "1"]

1. e4 c6 2. d4 d5 3. exd5 cxd5 4. c4 e6 5. Nc3 Nf6 6. Nf3 Nc6 7. c5 Ne4 8. Bd3 f5 9. 0-0 Be7 10. Bb5 0-0 11. Bxc6 bxc6 12. Bf4 g5 13. Be5 g4 14. Ne1 Ba6 15. Ne2 Bf6 16. Nd3 Bxd3 17. Qxd3 Bxe5 18. dxe5 Nxc5 19. Qc2 Qb6 20. Rac1 Nd7 21. Qxc6 Nxe5 22. Qc3 Qd6 23. Rfd1 Rac8 24. Qa5 Qb6 25. Qd2 Ng6 26. b3 h5 27. Qh6 Kf7 28. Qxh5 Rh8 29. Qg5 Rxc1 30. Rxc1 Qd6 31. Ng3 Qf4 32. Qxf4 Nxf4 33. Rc7+ Kf6 34. Nf1 Ne2+ 35. Kh1 d4 36. f3 g3 37. Rc2 d3 38. Rd2 Rc8 39. Rd1 gxh2 40. Nxh2 Ke5 41. Nf1 Rh8+ 42. Nh2 Kd4 43. g4 fxg4 44. fxg4 Kc3 45. Kg2 Kc2 46. Rf1 d2 47. Nf3 d1Q 48. Rxd1 Kxd1 49. Ne5 Kd2 50. Kf3 Rf8+ 51. Ke4 Rf4# 0-1

[Event "Titled Tuesday intern op 02nd May Early"]
[Site "Chess.com INT"]
[Date "2023.05.02"]
[Round "1"]
[White "Borgaonkar, Akshay"]
[Black "Prudnykova, Olga"]
[Result "1-0"]
[WhiteElo "1991"]
[BlackElo "2268"]
[PlyCount "59"]
[EventDate "2023.05.02"]
[EventType "swiss (blitz)"]
[EventRounds "11"]
[EventCountry "USA"]
[SourceTitle "EXT 2024"]
[Source "ChessBase"]
[SourceDate "2023.10.10"]
[SourceVersion "1"]
[SourceVersionDate "2023.10.10"]
[SourceQuality "1"]

1. d4 Nf6 2. Nc3 d5 3. Bf4 g6 4. e3 c5 5. h4 h5 6. Nf3 Bg7 7. Ne5 cxd4 8. exd4 0-0 9. Be2 Nc6 10. Qd2 Ne4 11. Nxe4 dxe4 12. Nxc6 bxc6 13. c3 Qb6 14. g4 hxg4 15. h5 c5 16. h6 Bf6 17. d5 Bf5 18. 0-0-0 Qa5 19. Bc4 Qa4 20. Bb3 Qa6 21. d6 Rfd8 22. h7+ Kh8 23. Bxf7 c4 24. a3 Qa4 25. Bg5 Rxd6 26. Bxf6+ Rxf6 27. Qd8+ Rxd8 28. Rxd8+ Kg7 29. h8Q+ Kxf7 30. Qg8# 1-0

[Event "Titled Tuesday intern op 25th Apr Early"]
[Site "Chess.com INT"]
[Date "2023.04.25"]
[Round "4"]
[White "Prudnykova, Olga"]
[Black "Korelskiy, Egor"]
[Result "1-0"]
[WhiteElo "2268"]
[BlackElo "2111"]
[PlyCount "115"]
[EventDate "2023.04.25"]
[EventType "swiss (blitz)"]
[EventRounds "11"]
[EventCountry "USA"]
[SourceTitle "EXT 2024"]
[Source "ChessBase"]
[SourceDate "2023.10.10"]
[SourceVersion "1"]
[SourceVersionDate "2023.10.10"]
[SourceQuality "1"]

1. e4 c5 2. Nf3 e6 3. Nc3 a6 4. d4 cxd4 5. Nxd4 Qc7 6. Qf3 Nf6 7. Bg5 Be7 8. 0-0-0 d6 9. g4 Nbd7 10. Rg1 h6 11. Be3 Ne5 12. Qh3 b5 13. g5 Nfd7 14. f4 Ng6 15. f5 hxg5 16. Qg3 exf5 17. exf5 Nge5 18. Nd5 Qd8 19. Nxe7 Qxe7 20. Bxg5 Nf6 21. Bf4 Bb7 22. Bxe5 dxe5 23. Re1 Ne4 24. Qxg7 0-0-0 25. Nb3 Rxh2 26. Bd3 Nf6 27. Qg3 Rhh8 28. Qxe5 Qxe5 29. Rxe5 Rhg8 30. Rxg8 Rxg8 31. Re7 Rg1+ 32. Kd2 Rg2+ 33. Ke1 Bd5 34. Nc5 Ng4 35. Nxa6 Rg1+ 36. Ke2 Rg2+ 37. Kf1 Nh2+ 38. Ke1 Nf3+ 39. Kd1 Rd2+ 40. Kc1 Rg2 41. b3 Nd4 42. Re5 Rg1+ 43. Kb2 Bb7 44. Nc5 Bc6 45. Ne4 Nf3 46. Re7 f6 47. Rf7 Ne5 48. Rxf6 Rg2 49. Kc3 b4+ 50. Kd4 Nf3+ 51. Kc5 Bb7 52. Rf8+ Kd7 53. Rf7+ Kc8 54. Nd6+ Kd8 55. Rxb7 Ne5 56. Bc4 Nd7+ 57. Kc6 Rd2 58. Rxd7# 1-0

[Event "Titled Tuesday intern op 18th Apr Early"]
[Site "Chess.com INT"]
[Date "2023.04.18"]
[Round "9"]
[White "Erzhanov, Arman"]
[Black "Prudnykova, Olga"]
[Result "1-0"]
[WhiteElo "2228"]
[BlackElo "2268"]
[PlyCount "83"]
[EventDate "2023.04.18"]
[EventType "swiss (blitz)"]
[EventRounds "11"]
[EventCountry "USA"]
[SourceTitle "EXT 2024"]
[Source "ChessBase"]
[SourceDate "2023.10.10"]
[SourceVersion "1"]
[SourceVersionDate "2023.10.10"]
[SourceQuality "1"]

1. e4 c5 2. Nf3 Nf6 3. e5 Nd5 4. Nc3 e6 5. Ne4 f5 6. Nc3 Nb4 7. d3 N4c6 8. Bf4 Be7 9. h4 Nd4 10. g3 Nbc6 11. Bg2 Nxf3+ 12. Qxf3 Nd4 13. Qh5+ g6 14. Qd1 Rb8 15. Ne2 Nc6 16. Ng1 Qc7 17. Nf3 h6 18. Qd2 Bf8 19. 0-0-0 b5 20. Rhe1 b4 21. d4 Qa5 22. Kb1 Nxd4 23. Nxd4 cxd4 24. Qxd4 Rb6 25. Re2 Ra6 26. Qc4 Kd8 27. Red2 Rh7 28. Rd4 Qc7 29. Qb5 Qa5 30. Qc4 Qc7 31. Qd3 Qa5 32. Qb3 Bc5 33. R4d2 Ke8 34. Bf1 Rc6 35. Be3 Be7 36. f4 Rh8 37. Rd4 Kf7 38. Bd2 Rb6 39. a3 Qc5 40. Bxb4 Qc6 41. Rc4 Qe4 42. Rxe4 1-0

[Event "Titled Tuesday intern op 18th Apr Early"]
[Site "Chess.com INT"]
[Date "2023.04.18"]
[Round "7"]
[White "Prudnykova, Olga"]
[Black "Fiedorek, Michal"]
[Result "1/2-1/2"]
[WhiteElo "2268"]
[BlackElo "2328"]
[PlyCount "41"]
[EventDate "2023.04.18"]
[EventType "swiss (blitz)"]
[EventRounds "11"]
[EventCountry "USA"]
[SourceTitle "EXT 2024"]
[Source "ChessBase"]
[SourceDate "2023.10.10"]
[SourceVersion "1"]
[SourceVersionDate "2023.10.10"]
[SourceQuality "1"]

1. e4 c5 2. Nf3 Nc6 3. Nc3 g6 4. d4 cxd4 5. Nxd4 Bg7 6. Nb3 Nf6 7. Be2 0-0 8. 0-0 d6 9. h3 a5 10. a4 Be6 11. Re1 Nd7 12. Nd5 Rc8 13. c3 Bxd5 14. exd5 Nce5 15. Bb5 Nf6 16. Rb1 h5 17. Bg5 Nc4 18. Qd3 Ne5 19. Qd1 Nc4 20. Qd3 Ne5 21. Qd1 1/2-1/2

[Event "Titled Tuesday intern op 7th Mar Early"]
[Site "Chess.com INT"]
[Date "2023.03.07"]
[Round "10"]
[White "Grabinsky, Vladimir"]
[Black "Prudnykova, Olga"]
[Result "0-1"]
[WhiteElo "2219"]
[BlackElo "2268"]
[PlyCount "94"]
[EventDate "2023.03.07"]
[EventType "swiss (blitz)"]
[EventRounds "11"]
[EventCountry "USA"]
[SourceTitle "EXT 2024"]
[Source "ChessBase"]
[SourceDate "2023.10.10"]
[SourceVersion "1"]
[SourceVersionDate "2023.10.10"]
[SourceQuality "1"]

1. e4 c5 2. b4 e6 3. bxc5 Bxc5 4. d4 Be7 5. Bd3 d6 6. f4 Nf6 7. Nf3 b6 8. 0-0 Bb7 9. Qe2 0-0 10. e5 Nfd7 11. Nbd2 Qc7 12. Ne4 Bxe4 13. Qxe4 g6 14. Qxa8 Nc6 15. Qxf8+ Bxf8 16. c3 Na5 17. Ba3 d5 18. Bxf8 Kxf8 19. Rfc1 Nc4 20. Bxc4 Qxc4 21. a4 a6 22. Ra3 h5 23. Rb1 Qd3 24. Re1 Kg7 25. h3 Qc4 26. Kh2 Kf8 27. Rb1 Qd3 28. Re1 Kg7 29. Rb3 Qc2 30. Ra3 Kf8 31. Kg3 Ke7 32. Rea1 Kf8 33. h4 Kg7 34. Re1 Qf5 35. Kf2 Qxf4 36. g3 Qf5 37. Re2 Qd3 38. Re3 Qc4 39. Ra1 f6 40. exf6+ Nxf6 41. Ne5 Ne4+ 42. Rxe4 Qxc3 43. Re3 Qxa1 44. Nf3 Qxa4 45. Rxe6 Qc2+ 46. Re2 Qc3 47. Re7+ Kf6 0-1

[Event "Titled Tuesday intern op 7th Mar Early"]
[Site "Chess.com INT"]
[Date "2023.03.07"]
[Round "5"]
[White "Prudnykova, Olga"]
[Black "Estrada Nieto, Julian"]
[Result "1-0"]
[WhiteElo "2268"]
[BlackElo "2217"]
[PlyCount "53"]
[EventDate "2023.03.07"]
[EventType "swiss (blitz)"]
[EventRounds "11"]
[EventCountry "USA"]
[SourceTitle "EXT 2024"]
[Source "ChessBase"]
[SourceDate "2023.10.10"]
[SourceVersion "1"]
[SourceVersionDate "2023.10.10"]
[SourceQuality "1"]

1. e4 e5 2. d4 exd4 3. Qxd4 Nc6 4. Qc4 Nf6 5. Nc3 Bb4 6. Bg5 h6 7. Bh4 d6 8. 0-0-0 g5 9. Bg3 Bxc3 10. Qxc3 Qe7 11. f3 Bd7 12. h4 0-0-0 13. Bc4 Nh5 14. Bf2 Nf4 15. g3 Ng6 16. h5 Nge5 17. Bd5 f6 18. Qb3 a6 19. Ne2 Rhe8 20. Nd4 Na5 21. Qc3 Nac6 22. f4 Nxd4 23. Bxd4 gxf4 24. gxf4 Ng4 25. Rhg1 Kb8 26. Qb3 c5 27. Qxb7# 1-0